| 000 | 01460cam a2200409 i 4500 | ||
|---|---|---|---|
| 999 |
_c200447377 _d65589 |
||
| 001 | 200447377 | ||
| 003 | TR-AnTOB | ||
| 005 | 20220309170059.0 | ||
| 007 | ta | ||
| 008 | 030716s2004 sz 000 0 eng d | ||
| 020 | _a9221130398 (1) | ||
| 020 | _a922113041X (2) | ||
| 035 | _a(OCoLC)52617721 | ||
| 035 | _a(TR-AnTOB)200447377 | ||
| 040 |
_aLWU _beng _erda _cLWU _dLUI _dTR-AnTOB |
||
| 041 | 0 | _aeng | |
| 050 | 1 | 4 |
_aK3886 _b.C66 2004 |
| 090 |
_aTOBBK K3886 _b.C66 2004 |
||
| 245 | 0 | 0 |
_aConditions of work in the fishing sector : _breport V / _cInternational Labour Conference. |
| 264 | 1 |
_aGeneva : _bInternational Labour Office, _c2004. |
|
| 300 |
_a2 volumes : _billustrations ; _c25 cm |
||
| 336 |
_atext _btxt _2rdacontent |
||
| 337 |
_aunmediated _bn _2rdamedia |
||
| 338 |
_avolume _bnc _2rdacarrier |
||
| 490 | 0 |
_aReport, _x0074-6681 ; _v92, 5 (1, 2) |
|
| 500 | _a"Fifth item on the agenda." | ||
| 504 | _aBIB | ||
| 505 | _aReport V (1) a comprehensive standard (a convention supplemented by a recommendation) on work in the fishing sector -- Report V (2) the constituents' views. | ||
| 650 | 0 |
_aFishery law and legislation _958126 |
|
| 650 | 0 |
_aFisheries _9131060 |
|
| 650 | 0 |
_aFish trade _9131097 |
|
| 710 | 2 |
_aInternational Labour Office _927101 |
|
| 711 | 2 |
_aInternational Labour Conference _n(92nd : _d2004 : _cGeneva, Switzerland) _927097 |
|
| 942 |
_2z _cBK |
||